01765 a2200469 45000010006000000050017000060080041000230030015000640400040000790800104001192450043002230200022002662640034002883000023003225050204003450410008005491000027005577000026005847000021006107000026006317000025006577000042006827000032007247000020007567000027007767000020008037000025008237000025008487000039008737000026009127000030009387000027009687000027009957000024010227000020010467000028010667000026010947000022011207000027011427000027011698560099011964792020260407155745.0260407a2015 arg spa dAR-UNSa-BCEJYS aAR-UNSa-BCEJYSbspacAR-UNSa-BCEJYS a347.736xQuiebra. Insolvencia. Suspensión de pagos. Bancarrota, procedimientos. Derecho Concursal10aVerificación concursal de créditos a978-987-01-1822-0 1aBuenos Aires :bErreiusc2015 axx, 736 p.c22 cm. a1. Introducción - 2. Verificación tempestiva - 3. Verificación eventual - 4. Supuestos específicos de verificación - 5. Verificación de créditos en el derecho comparado / Ariel G. Dasso aspa1 aGraziabile, Darío J.1 aArduino, Augusto H.L.1 aArruiz, Mario A.1 aBaracat, José Edgar1 aBarreiro, Marcelo G.1 aCasadío Martínez, Claudio Alfredo1 aChiavassa, Eduardo Néstor1 aDasso, Ariel G.1 aDi Lella, Nicolás J.1 aFrick, Pablo D.1 aGaraguso, Horacio F.1 aGaraguso, Horacio P.1 aGarcía Villalonga, Julio César1 aGerbaudo, Germán E.1 aGiménez, Sofía Inés1 aGranados, Ernesto I.J.1 aJunyent Bas, Francisco1 aMacagno, Ariel A.G.1 aRamos, Santiago1 aRaspall, Miguel Ángel1 aReggiardo, Roberto S.1 aRibera, Carlos E.1 aRichard, Efraín Hugo1 aRodríguez, Raquel E.41uhttps://www.biblioeco.unsa.edu.ar/pmb/images/libros/L127692.jpgyImagen de portadaqimage/jpeg